The story of writing (Record no. 16323)
[ view plain ]
| 000 -LEADER | |
|---|---|
| fixed length control field | 00516nam a22001697a 4500 |
| 008 - FIXED-LENGTH DATA ELEMENTS--GENERAL INFORMATION | |
| fixed length control field | 170307b xxu||||| |||| 00| 0 eng d |
| 020 ## - INTERNATIONAL STANDARD BOOK NUMBER | |
| International Standard Book Number | 0500286609 |
| 040 ## - CATALOGING SOURCE | |
| Original cataloging agency | KABU |
| Transcribing agency | KABU |
| 050 ## - LIBRARY OF CONGRESS CALL NUMBER | |
| Classification number | P211 |
| Item number | .R63 2007 C.1 |
| 100 ## - MAIN ENTRY--PERSONAL NAME | |
| Personal name | Robinson, Andrew |
| 245 ## - TITLE STATEMENT | |
| Title | The story of writing |
| Remainder of title | with over 355 illustrations, 50 in colour |
| Statement of responsibility, etc. | by Andrew Robinson |
| 260 ## - PUBLICATION, DISTRIBUTION, ETC. (IMPRINT) | |
| Name of publisher, distributor, etc. | Thames & hudson |
| 300 ## - PHYSICAL DESCRIPTION | |
| Extent | 232 p. |
| 650 ## - SUBJECT ADDED ENTRY--TOPICAL TERM | |
| Topical term or geographic name as entry element | Writing |
| Form subdivision | History |
| 650 ## - SUBJECT ADDED ENTRY--TOPICAL TERM | |
| Source of heading or term | Alphabet |
| 942 ## - ADDED ENTRY ELEMENTS (KOHA) | |
| Source of classification or shelving scheme | Library of Congress Classification |
| Koha item type | General Collection |
| Classification part | P211 .R63 2007 C.1 |
| Withdrawn status | Lost status | Source of classification or shelving scheme | Not for loan | Home library | Current library | Shelving location | Date acquired | Cost, normal purchase price | Total Checkouts | Full call number | Barcode | Date last seen | Date last checked out | Copy number | Price effective from | Koha item type |
|---|---|---|---|---|---|---|---|---|---|---|---|---|---|---|---|---|
| Library of Congress Classification | Kabarak, Main Campus | Kabarak, Main Campus | General Stacks | 07/03/2017 | 1740.12 | 2 | P211 .R63 2007 C.1 | 026871 | 13/06/2019 | 11/06/2019 | C.1 | 07/03/2017 | General Collection |